000 00296nam a22001337a 4500
008 170620b xxu||||| |||| 00| 0 eng d
020 _a0813300320
041 _aeng
080 _a94
100 _a18
101 _aSHP
245 _aCUBA DILEMMAS OF A REVOLUTION
_cJUAN.M
942 _2udc
_cBK
999 _c18262
_d18262